| 000 | 01066cab a2200277 4500 | ||
|---|---|---|---|
| 001 | ABS47405 | ||
| 008 | 090401t1992 xxu||||| |||| 00| 0 eng d | ||
| 035 | _a(Sirsi) u61831 | ||
| 041 | _aeng | ||
| 100 | _aLamden, B. | ||
| 245 | 4 | _aThe non-destructive testing of metal | |
| 260 | _c1992 | ||
| 350 | _a0 | ||
| 490 |
_aCS Monthly _bthe Building Surveyor _v2(30 November 1992, 10-11(2) |
||
| 520 | _aThe third in a series on non-destructive testing describes five techniques for testing metal. These include radiography, ultra-sound, magnetic particle inspection, eddy current and dye techniques. List specialist firms dealing with non-destructive testing. References. (See also Abs47024 and Abs47187). | ||
| 650 | _aDYE TECHNIQUES | ||
| 650 | _aEDDY CURRENT TECHNIQUES | ||
| 650 | _aMAGNETIC PARTICLE INSPECTION | ||
| 650 | _aBUILT ENVIRONMENT-BUILDING MATERIALS-METAL | ||
| 650 | _aNON-DESTRUCTIVE TESTING | ||
| 650 | _aRADIOGRAPHY | ||
| 650 | _aULTRASOUND | ||
| 690 | _aBUILT ENVIRONMENT-BUILDING MATERIALS | ||
| 942 | _n0 | ||
| 948 | _c04/03/1997 | ||
| 999 |
_c38348 _d38348 |
||